00400nam a2200133Ia 4500020001800000082001900018100002100037245006600058260004500124300001500169504001900184650002800203650003500231 a9780199465927 a307.1416 NAG-N aNagendra, Harini 0aNature in the city: Bengaluru in the past, present and future aNew DelhibOxford University Pressc2016 axvii, 225p aincludes index aCities and townszIndia aUrbanisationzIndiazBengaluru